Ragoûts et Plats Mijotés - Mort Subite - Statistiques

Statistiques générales
  • Ce quiz a été pris 104 fois
  • Le résultat moyen est 5 sur 16
Answers on the Grid
Answers color-coded by a green-red scale on the quiz's grid according to % correct below.
Ragoût de boulettes
Blanquette de veau
Bœuf bourguignon
Cassoulet
Feijoada à brasileira
Fabada asturiana
Chili con carne
Fahsa
Kare-kare
Kimchi-jjigae
Fattouche
Japchae
Okonomiyaki
Falafel
Khuushuur
Po' boy
Bánh mì
Döner kebab
Suya / Tsire
Ginataang kalabasa
Domoda
Molly de poisson / Molee de poisson
Bigos
Waterblommetjie bredie
Tajine zitoune
Tajine malsouka
Quesadilla
Timballo
 
Statistiques - réponses
Réponse % Correct
Bœuf bourguignon
79%
Cassoulet
74%
Blanquette de veau
63%
Ragoût de boulettes
63%
Chili con carne
62%
Tajine zitoune
52%
Molly de poisson / Molee de poisson
18%
Feijoada à brasileira
16%
Bigos
8%
Kimchi-jjigae
7%
Fabada asturiana
5%
Domoda
4%
Kare-kare
4%
Waterblommetjie bredie
3%
Ginataang kalabasa
1%
Fahsa
0%
Aucun quiz correspondant
Distribution des résultats
% des personnes avec chaque résultat
Percentile par nombre de réponses
Votre historique - résultats
Vous n’avez pas pris ce quiz